[Event "Dresden ZMD op"]
[Site "Dresden"]
[Date "2005.07.29"]
[Round "7"]
[White "Koehler, Markus"]
[Black "Barz, Hans Werner"]
[Result "1-0"]
[WhiteElo "2177"]
[BlackElo "2021"]
[PlyCount "81"]
[EventDate "2005.07.23"]
[EventType "swiss"]
[EventRounds "9"]
[EventCountry "GER"]
[SourceTitle "EXT 2006"]
[Source "ChessBase"]
[SourceDate "2005.11.24"]
[SourceVersion "1"]
[SourceVersionDate "2005.11.24"]
[SourceQuality "1"]

1. e4 c5 2. Nf3 Nc6 3. Bb5 g6 4. Bxc6 dxc6 5. d3 Bg7 6. Nc3 e5 7. Be3 b6 8. h3 Bd7 9. Qd2 h5 10. 0-0-0 Qe7 11. Nh2 0-0-0 12. f4 exf4 13. Bxf4 Be6 14. Nf3 f6 15. h4 Nh6 16. Qe2 Kb7 17. Rhe1 Nf7 18. e5 f5 19. Ng5 Nxg5 20. Bxg5 Bh6 21. Bxh6 Rxh6 22. Qe3 Rhh8 23. g3 f4 24. Qxf4 Rdf8 25. Qe4 Bg4 26. Rd2 g5 27. Rh2 Rf5 28. Nb5 Rf3 29. Nd6+ Kc7 30. Qg6 Rhf8 31. Qxg5 Qxg5+ 32. hxg5 Rxg3 33. Ne4 Rh3 34. Rxh3 Bxh3 35. Nf6 Bf5 36. e6 Bg6 37. e7 Rh8 38. e8Q Bxe8 39. Rxe8 Rxe8 40. Nxe8+ Kd8 41. Nf6 1-0

[Event "NRW Class2 0405"]
[Site "Germany"]
[Date "2005.04.03"]
[Round "8.8"]
[White "Koehler, Markus"]
[Black "Reinemer, Frank"]
[Result "0-1"]
[WhiteElo "2176"]
[BlackElo "2259"]
[PlyCount "72"]
[EventDate "2004.10.10"]
[EventType "team"]
[EventRounds "9"]
[EventCountry "GER"]
[SourceTitle "EXT 2006"]
[Source "ChessBase"]
[SourceDate "2005.11.24"]
[SourceVersion "1"]
[SourceVersionDate "2005.11.24"]
[SourceQuality "1"]
[WhiteTeam "Duesseldorf"]
[BlackTeam "Monheim"]
[WhiteTeamCountry "GER"]
[BlackTeamCountry "GER"]

1. e4 Nf6 2. Nc3 d5 3. e5 Ne4 4. Nce2 Nc5 5. d4 Ne6 6. Nf4 Nxf4 7. Bxf4 c5 8. dxc5 e6 9. Nf3 Bxc5 10. c3 Qb6 11. Qd2 Bd7 12. Bd3 Bb5 13. 0-0 Nc6 14. b4 Bxd3 15. Qxd3 Be7 16. a4 0-0 17. a5 Qc7 18. Rfe1 Rfc8 19. Re3 a6 20. Bg5 h6 21. Bxe7 Nxe7 22. Nd4 Qc4 23. Qd2 Nc6 24. Nxc6 Rxc6 25. Rg3 Qh4 26. f4 f5 27. Rf1 Rac8 28. Rff3 Rc4 29. Rg6 Qe7 30. g4 Rf8 31. gxf5 Rxf5 32. Qe3 Qf7 33. Rfg3 Rcxf4 34. Rxg7+ Qxg7 35. Rxg7+ Kxg7 36. Qb6 Rg5+ 0-1

[Event "Duesseldorf-ch"]
[Site "Duesseldorf"]
[Date "2004.11.24"]
[Round "7"]
[White "Koehler, Markus"]
[Black "Kappelt, Joerg"]
[Result "1/2-1/2"]
[WhiteElo "2133"]
[BlackElo "2159"]
[PlyCount "130"]
[EventDate "2004.09.29"]
[EventType "swiss"]
[EventRounds "7"]
[EventCountry "GER"]
[SourceTitle "EXT 2006"]
[Source "ChessBase"]
[SourceDate "2005.11.24"]
[SourceVersion "1"]
[SourceVersionDate "2005.11.24"]
[SourceQuality "1"]

1. e4 g6 2. d4 Bg7 3. Nc3 c6 4. f4 d5 5. e5 h5 6. Nf3 Bg4 7. h3 Bxf3 8. Qxf3 e6 9. Be3 h4 10. Bd3 Nh6 11. 0-0 Bf8 12. b3 Nf5 13. Bxf5 gxf5 14. Ne2 Nd7 15. c4 Be7 16. c5 Nf8 17. b4 Ng6 18. a4 a6 19. Bd2 f6 20. exf6 Bxf6 21. b5 axb5 22. axb5 Rxa1 23. Rxa1 0-0 24. b6 Qe7 25. Qe3 Re8 26. Ra7 Qg7 27. Bc3 Nf8 28. Nc1 Re7 29. Nd3 Qg6 30. Ra8 Rg7 31. Qxe6+ Kh7 32. Qe2 Ne6 33. Ra4 Qg3 34. Ra2 Qg6 35. Ra4 Qh6 36. Kh1 Re7 37. Qf3 Ng7 38. Ne5 Nh5 39. Bd2 Rg7 40. Ra2 Rg3 41. Qd1 Rg7 42. Ra8 Ng3+ 43. Kg1 Ne4 44. Rc8 Bxe5 45. dxe5 Qg6 46. Qe2 Ng3 47. Qf3 Ne4 48. Be3 Kh6 49. Bd4 Rg8 50. Rc7 Qe6 51. Rxb7 Rg3 52. Qe2 Rb3 53. Bf2 Rb1+ 54. Kh2 d4 55. Rb8 d3 56. Rh8+ Kg7 57. Qh5 Qg6 58. Rg8+ Kxg8 59. Qxg6+ Kh8 60. Bxh4 d2 61. Bf6+ Nxf6 62. exf6 Rh1+ 63. Kxh1 d1Q+ 64. Kh2 Qh1+ 65. Kg3 Qxg2+ 1/2-1/2

[Event "Duesseldorf-ch"]
[Site "Duesseldorf"]
[Date "2004.10.13"]
[Round "3"]
[White "Koehler, Markus"]
[Black "Schaefer, Peter Juergen"]
[Result "1-0"]
[WhiteElo "2133"]
[BlackElo "1737"]
[PlyCount "111"]
[EventDate "2004.09.29"]
[EventType "swiss"]
[EventRounds "7"]
[EventCountry "GER"]
[SourceTitle "EXT 2006"]
[Source "ChessBase"]
[SourceDate "2005.11.24"]
[SourceVersion "1"]
[SourceVersionDate "2005.11.24"]
[SourceQuality "1"]

1. e4 Nc6 2. Nc3 Nf6 3. d4 d5 4. e5 Ne4 5. Nxe4 dxe4 6. c3 Bf5 7. Ne2 e6 8. Ng3 a6 9. Be3 Be7 10. Qc2 Qd5 11. Be2 Bg6 12. Bh5 Bf5 13. Ne2 g5 14. g4 Bg6 15. Bxg6 hxg6 16. Ng3 Rh4 17. Qxe4 Qb5 18. 0-0-0 Na5 19. d5 Nc4 20. b3 Ba3+ 21. Kc2 Nxe3+ 22. fxe3 0-0-0 23. dxe6 Rxd1 24. Kxd1 fxe6 25. Kc2 Rh8 26. b4 Qa4+ 27. Kb1 Rxh2 28. Qd3 Rb2+ 29. Ka1 Kb8 30. Qd8+ Ka7 31. Qxc7 Rxa2+ 32. Kxa2 Bxb4+ 33. Kb1 Qb3+ 34. Kc1 Ba3+ 35. Kd2 Qd5+ 36. Ke1 Qf3 37. Rg1 Qxe3+ 38. Ne2 Bc5 39. Rg3 Qf2+ 40. Kd2 Bb6 41. Qd6 Qf1 42. Qd3 Bf2 43. Rf3 Qe1+ 44. Kc2 Bc5 45. Rf7 Qa1 46. Qc4 Qa5 47. Nd4 Qb6 48. Nxe6 Ba3 49. Qb3 Qc6 50. Qxa3 Qe4+ 51. Kd2 Qg2+ 52. Ke3 Qg3+ 53. Kd4 Qxg4+ 54. Kd5 Qg2+ 55. Kd6 Qc6+ 56. Ke7 1-0

[Event "Duesseldorf-ch"]
[Site "Duesseldorf"]
[Date "2004.09.29"]
[Round "1"]
[White "Koehler, Markus"]
[Black "Biessner, Eberhard"]
[Result "1-0"]
[WhiteElo "2133"]
[BlackElo "1807"]
[PlyCount "75"]
[EventDate "2004.09.29"]
[EventType "swiss"]
[EventRounds "7"]
[EventCountry "GER"]
[SourceTitle "EXT 2006"]
[Source "ChessBase"]
[SourceDate "2005.11.24"]
[SourceVersion "1"]
[SourceVersionDate "2005.11.24"]
[SourceQuality "1"]

1. d4 Nf6 2. c4 e6 3. Nf3 Bb4+ 4. Bd2 Qe7 5. a3 Bxd2+ 6. Nbxd2 c5 7. e3 b6 8. Be2 Bb7 9. 0-0 0-0 10. Qc2 Nc6 11. Rac1 d6 12. Rfd1 h6 13. Nb1 Rfd8 14. Nc3 e5 15. d5 Nb8 16. e4 Nh7 17. Bd3 Nd7 18. Re1 Ndf8 19. Nd1 Bc8 20. Ne3 Ng6 21. Nf5 Qf6 22. h3 Ng5 23. Nh2 Bxf5 24. exf5 Nf4 25. Ng4 Ngxh3+ 26. gxh3 Qh4 27. Bf1 h5 28. Nh2 Nxh3+ 29. Bxh3 Qxh3 30. Qe4 Qb3 31. Rc2 Kf8 32. Re3 Qa4 33. Rce2 Ke7 34. f4 f6 35. fxe5 dxe5 36. Qg2 Rg8 37. d6+ Kd7 38. Qb7+ 1-0

[Event "NRW Class2 0304"]
[Site "Germany"]
[Date "2004.03.28"]
[Round "8.7"]
[White "Borjini, Faousi"]
[Black "Koehler, Markus"]
[Result "0-1"]
[WhiteElo "1943"]
[BlackElo "2173"]
[PlyCount "52"]
[EventDate "2003.09.28"]
[EventType "team"]
[EventRounds "9"]
[EventCountry "GER"]
[SourceTitle "CBM 098 Extra"]
[Source "ChessBase"]
[SourceDate "2004.03.10"]
[SourceVersion "2"]
[SourceVersionDate "2004.03.10"]
[SourceQuality "1"]
[WhiteTeam "Lippstadt Turm"]
[BlackTeam "Duesseldorf"]
[WhiteTeamCountry "GER"]
[BlackTeamCountry "GER"]

1. d4 Nf6 2. c4 g6 3. Nc3 Bg7 4. e4 d6 5. Nf3 0-0 6. Be2 e5 7. dxe5 dxe5 8. Qxd8 Rxd8 9. Bg5 Re8 10. Nd2 h6 11. Be3 c6 12. f3 Nbd7 13. Nb3 Nf8 14. 0-0 Ne6 15. Rfd1 Bf8 16. c5 Nd7 17. Na4 Rb8 18. Rac1 Be7 19. Na5 Nd4 20. Bxd4 exd4 21. Rxd4 Bg5 22. Rc3 Bf6 23. e5 Bxe5 24. Re4 Nf6 25. Rxe5 Rxe5 26. Kf2 Be6 0-1

[Event "NRW Class2 0304"]
[Site "Germany"]
[Date "2004.02.08"]
[Round "6.6"]
[White "Peschlow, Patrick"]
[Black "Koehler, Markus"]
[Result "1/2-1/2"]
[WhiteElo "2237"]
[BlackElo "2173"]
[PlyCount "92"]
[EventDate "2003.09.28"]
[EventType "team"]
[EventRounds "9"]
[EventCountry "GER"]
[SourceTitle "CBM 098 Extra"]
[Source "ChessBase"]
[SourceDate "2004.03.10"]
[SourceVersion "2"]
[SourceVersionDate "2004.03.10"]
[SourceQuality "1"]
[WhiteTeam "Koeln Porz III"]
[BlackTeam "Duesseldorf"]
[WhiteTeamCountry "GER"]
[BlackTeamCountry "GER"]

1. e4 c5 2. Nf3 Nc6 3. d4 cxd4 4. Nxd4 g6 5. Nc3 Bg7 6. Be3 Nf6 7. Bc4 0-0 8. Bb3 d6 9. f3 Qa5 10. Qd2 Bd7 11. 0-0-0 Rfc8 12. Kb1 Ne5 13. Bg5 Rc5 14. h4 h5 15. Bxf6 Bxf6 16. Nd5 Kg7 17. Nxf6 Qxd2 18. Nxh5+ gxh5 19. Rxd2 Ng6 20. Ne2 Be6 21. Nc3 b5 22. Nd5 a5 23. Ne3 a4 24. Bd5 Rac8 25. a3 Ne5 26. f4 Ng4 27. Bxe6 fxe6 28. Nxg4 hxg4 29. Re1 e5 30. f5 Rh8 31. g3 Kf6 32. Re3 Rhc8 33. c3 Rd8 34. Kc2 d5 35. exd5 Rcxd5 36. Red3 Rxd3 37. Rxd3 Rc8 38. Rd7 Kxf5 39. Rxe7 Ke4 40. Rf7 Ke3 41. Rf5 e4 42. Rf4 Rd8 43. Kc1 Rg8 44. Kc2 Rd8 45. Kc1 Rg8 46. Kc2 Rd8 1/2-1/2

[Event "NRW Class2 0304"]
[Site "Germany"]
[Date "2004.01.11"]
[Round "5.7"]
[White "Pinnel, Peter"]
[Black "Koehler, Markus"]
[Result "1/2-1/2"]
[WhiteElo "2192"]
[BlackElo "2173"]
[PlyCount "82"]
[EventDate "2003.09.28"]
[EventType "team"]
[EventRounds "9"]
[EventCountry "GER"]
[SourceTitle "CBM 098 Extra"]
[Source "ChessBase"]
[SourceDate "2004.03.10"]
[SourceVersion "2"]
[SourceVersionDate "2004.03.10"]
[SourceQuality "1"]
[WhiteTeam "Hagen"]
[BlackTeam "Duesseldorf"]
[WhiteTeamCountry "GER"]
[BlackTeamCountry "GER"]

1. d4 Nf6 2. Bf4 g6 3. e3 Bg7 4. Nf3 0-0 5. h3 d6 6. Be2 Nbd7 7. 0-0 Qe8 8. c3 e5 9. Bh2 Qe7 10. a4 a5 11. Na3 Ne8 12. Qb3 Kh8 13. dxe5 dxe5 14. e4 Nc5 15. Qc2 Nd6 16. Nd2 f5 17. f3 f4 18. Nac4 Nxc4 19. Bxc4 Bd7 20. Kh1 Nxa4 21. Rxa4 b5 22. Ra2 bxc4 23. Rfa1 Qc5 24. b4 cxb3 25. Nxb3 Qc4 26. Nxa5 Qe6 27. Bg1 Rfb8 28. c4 Bf8 29. c5 Bb5 30. Ra3 Ra6 31. Nb3 Rxa3 32. Rxa3 Be8 33. Nc1 Bb5 34. Qb2 c6 35. Nd3 Bg7 36. Qa1 Bxd3 37. Rxd3 Bf8 38. Qd1 Be7 39. Qa1 Rd8 40. Rxd8+ Bxd8 41. Qd1 Be7 1/2-1/2